00193nam a2200085Ia 4500020001900000100002000019245001500039082001200054008004100066 a9780099591320" aPATTERSON JAMES 0aFIRST LOVE aEF PATT210805s9999 xx 000 0 und d